000 00583nam a2200229Ia 4500
003 LK-CoDNM
005 20241002093646.0
008 010623t1884 xxu||||| |||| 00| 1 eng d
040 _aLK-CoDNM
_dLK-CoDNM
_eLK-CoDNM
041 _aeng
080 _a24
_bV40
100 _aWherry,E.M.
245 _aA Comprehensive Commentary on : The Quran
260 _bTrubner Co.
_aLondon
_c1884
300 _b407p., 22 cm
650 _aMakkah
650 _aMuslim
650 _aWherry,E.M.
650 _aA Comprehensive Commentary on : The Quran
650 _a24 V 40
942 _cBK
999 _c82471
_d82471